El misterio de Cristo (Record no. 175681)

MARC details
000 -LEADER
campo de control de longitud fija 00911nam a2200277 i 4500
001 - NÚMERO DE CONTROL
campo de control 175681
003 - IDENTIFICADOR DE NÚMERO DE CONTROL
campo de control ES-MaACL
005 - FECHA Y HORA DE LA ÚLTIMA TRANSACCIÓN
campo de control 20250830063316.0
007 - CAMPO FIJO DE DESCRIPCIÓN FÍSICA--INFORMACIÓN GENERAL
campo de control de longitud fija t|
008 - DATOS DE LONGITUD FIJA--INFORMACIÓN GENERAL
campo de control de longitud fija 101116s1964 sp ||||1| spa d
080 ## - NÚMERO DE LA CLASIFICACIÓN DECIMAL UNIVERSAL
Número de la Clasificación Decimal Universal 27-31
080 ## - NÚMERO DE LA CLASIFICACIÓN DECIMAL UNIVERSAL
Número de la Clasificación Decimal Universal 2-584
100 1# - ENTRADA PRINCIPAL--NOMBRE DE PERSONA
Nombre de persona Segarra, Juan Antonio.
9 (RLIN) 105122
245 13 - MENCIÓN DEL TÍTULO
Título El misterio de Cristo
Resto del título : introducción dogmática a la vida espiritual /
Mención de responsabilidad, etc. Juan Antonio Segarra ; prólogo de Jesús Iturrioz.
260 ## - PUBLICACIÓN, DISTRIBUCIÓN, ETC.
Lugar de publicación, distribución, etc. Madrid :
Nombre del editor, distribuidor, etc. Razón y Fe,
Fecha de publicación, distribución, etc. imp. 1964.
300 ## - DESCRIPCIÓN FÍSICA
Extensión XXXI, 548 p. ;
Dimensiones 23 cm.
490 1# - MENCIÓN DE SERIE
Mención de serie Biblioteca "Razón y Fe" de Teología ;
Designación de volumen o secuencia 3
500 ## - NOTA GENERAL
Nota general Índice.
504 ## - NOTA DE BIBLIOGRAFÍA, ETC.
Nota de bibliografía, etc. Bibliografía: p. XXIX-XXXI.
600 04 - PUNTO DE ACCESO ADICIONAL DE MATERIA--NOMBRE DE PERSONA
Nombre de persona Jesucristo.
9 (RLIN) 66361
650 #4 - PUNTO DE ACCESO ADICIONAL DE MATERIA--TÉRMINO DE MATERIA
Término de materia o nombre geográfico como elemento de entrada Vida espiritual.
9 (RLIN) 12505
700 1# - ENTRADA AGREGADA--NOMBRE PERSONAL
Nombre de persona Iturrioz, Jesús.
9 (RLIN) 65638
830 00 - PUNTO DE ACCESO ADICIONAL DE SERIE-TÍTULO UNIFORME
Título uniforme Biblioteca "Razón y Fe" de teología
Designación de volumen o secuencia 3
9 (RLIN) 189823
852 ## - LOCALIZACIÓN
Ubicación ES-MaACL
Número de control de estantería E-13545
Encuadernación Olim P-859
Holdings
Estatus retirado Estado de pérdida Estado de daño No para préstamo Biblioteca de origen Biblioteca actual Ubicación en estantería Fecha de adquisición Fuente de adquisición Total de préstamos Signatura topográfica completa Código de barras Visto por última vez Precio de reemplazo Tipo de ítem Koha
        Biblioteca del Ateneo de Madrid Biblioteca del Ateneo de Madrid Depósito 2 16/11/2010     E-13545 1184483 23/02/2023 23/02/2023 Libro impreso